| 000 | 00659nam a2200217 i 4500 | ||
|---|---|---|---|
| 001 | 77980 | ||
| 003 | ES-MaACL | ||
| 005 | 20230906173504.0 | ||
| 007 | t| | ||
| 008 | 041008s1969 sp ||||1| spa d | ||
| 100 | 1 |
_aHamon, Léo. _961693 |
|
| 245 | 1 | 0 |
_aEstrategia contra la guerra / _cLéo Hamon ; [lo tradujeron J.J. Toharia y Manuel Toharia]. |
| 260 |
_aMadrid : _bGuadarrama, _c[1969] |
||
| 300 |
_a276 p. ; _c18 cm. |
||
| 490 | 1 |
_aPunto Omega ; _v85 |
|
| 700 | 1 |
_aToharia, José Juan. _9110424 |
|
| 700 | 1 |
_aToharia Cortés, Manuel. _9110426 |
|
| 830 | 0 |
_aPunto Omega ; _v85 _9180707 |
|
| 852 |
_aES-MaACL _jC-40593 _bR.71913 |
||
| 999 |
_c77980 _d77980 |
||